[Event "Copenhagen Chess Challenge 2008"]
[Site "Ballerup"]
[Date "2008.??.??"]
[Round "9"]
[White "Christensen, Esben"]
[Black "Brauener, Jonathan"]
[Result "1-0"]
[WhiteElo "2038"]
[BlackElo "1920"]
[PlyCount "79"]
[EventDate "2008.??.??"]
[EventType "swiss"]
[EventRounds "9"]
[EventCountry "DEN"]

1. e4 c5 2. Nf3 Nc6 3. d4 cxd4 4. Nxd4 Nf6 5. Nc3 e6 6. Ndb5 Bb4 7. a3 Bxc3+ 8.
Nxc3 O-O 9. Be2 b6 10. Bg5 Qe7 11. Qd2 Rd8 12. Bxf6 Qxf6 13. Rd1 Bb7 14. O-O
Rac8 15. f4 Ne7 16. Bd3 Qh6 17. Nb5 d6 18. Nxa7 Rc7 19. Nb5 Rcd7 20. Qf2 Nc8
21. a4 d5 22. e5 f6 23. Rde1 f5 24. Re3 d4 25. Rh3 Qg6 26. Re1 Bc6 27. b3 Bb7
28. Rg3 Qf7 29. Qd2 Qe7 30. Qf2 Qb4 31. Qe2 Ba6 32. Bc4 Re7 33. Rd1 Qc5 34. Kh1
Na7 35. Nd6 Bxc4 36. Qxc4 Nc6 37. h3 Rb8 38. Nxf5 Ree8 39. Qxc5 bxc5 40. Nxg7
1-0

[Event "Copenhagen Chess Challenge 2008"]
[Site "Ballerup"]
[Date "2008.??.??"]
[Round "9"]
[White "Hansen, Martin"]
[Black "Tikkanen, Hans"]
[Result "0-1"]
[WhiteElo "2107"]
[BlackElo "2437"]
[PlyCount "80"]
[EventDate "2008.??.??"]
[EventType "swiss"]
[EventRounds "9"]
[EventCountry "DEN"]

1. e4 e5 2. Nf3 Nc6 3. Bb5 a6 4. Ba4 Nf6 5. Qe2 b5 6. Bb3 Bc5 7. c3 Bb6 8. O-O
O-O 9. Rd1 Re8 10. d3 d6 11. Nbd2 Ng4 12. Rf1 Be6 13. Bc2 h6 14. h3 Nf6 15. Rd1
Qd7 16. Nf1 d5 17. Ng3 d4 18. Nh2 a5 19. Nh5 Nxh5 20. Qxh5 a4 21. a3 f6 22. Ng4
Qf7 23. Qxf7+ Kxf7 24. Nh2 Na5 25. cxd4 Bb3 26. Bxb3+ Nxb3 27. Rb1 Bxd4 28. Be3
Bxe3 29. fxe3 Rad8 30. Nf3 Re6 31. Kf1 Rc6 32. Ne1 Rd7 33. d4 exd4 34. exd4
Rxd4 35. Rxd4 Nxd4 36. Rd1 Rc4 37. Rd2 Ne6 38. Re2 Nf4 39. Re3 Rc1 40. Kf2 Rxe1
0-1

[Event "Copenhagen Chess Challenge 2008"]
[Site "Ballerup"]
[Date "2008.??.??"]
[Round "9"]
[White "Hartsteen, Mark"]
[Black "Grove, Peter"]
[Result "0-1"]
[WhiteElo "1909"]
[BlackElo "2073"]
[PlyCount "64"]
[EventDate "2008.??.??"]
[EventType "swiss"]
[EventRounds "9"]
[EventCountry "DEN"]

1. c4 e5 2. d3 Nc6 3. Nf3 g6 4. g3 d6 5. Bg2 h5 6. Nc3 Bg7 7. Bd2 Nh6 8. O-O
Nf5 9. h4 Bd7 10. Rb1 Qc8 11. b4 a5 12. b5 Ncd4 13. Ng5 Ne7 14. Nd5 Nxd5 15.
Bxd5 Ne6 16. Nxe6 Bxe6 17. Qc2 Bf6 18. Qc1 Be7 19. Bxe6 Qxe6 20. Kg2 b6 21. e4
f6 22. Be3 O-O-O 23. Rh1 Rdg8 24. Qd1 Kb8 25. Qe2 f5 26. exf5 gxf5 27. Kf1 Qg6
28. Ke1 Bf6 29. Qf3 f4 30. gxf4 Qxd3 31. Rc1 exf4 32. Qxf4 Bc3+ 0-1

[Event "Copenhagen Chess Challenge 2008"]
[Site "Ballerup"]
[Date "2008.??.??"]
[Round "9"]
[White "Haubro, Martin"]
[Black "Andersen, Daniel"]
[Result "0-1"]
[WhiteElo "1791"]
[BlackElo "2010"]
[PlyCount "134"]
[EventDate "2008.??.??"]
[EventType "swiss"]
[EventRounds "9"]
[EventCountry "DEN"]

1. e4 e6 2. d4 d5 3. exd5 Qxd5 4. Bd3 Qxg2 5. Qf3 Qxf3 6. Nxf3 Nc6 7. a3 a5 8.
Nc3 Bd6 9. Nb5 Nf6 10. c4 Kd7 11. Ng5 Nd8 12. c5 Be7 13. Bd2 c6 14. Nc3 h6 15.
Nge4 Nxe4 16. Nxe4 f5 17. Nc3 Bf6 18. Na4 Kc7 19. Bf4+ e5 20. dxe5 Ne6 21. Bg3
f4 22. exf6 fxg3 23. hxg3 gxf6 24. Nb6 Rb8 25. b4 Nd4 26. Nxc8 Rbxc8 27. Kf1
Rcd8 28. Kg2 axb4 29. axb4 Nb3 30. Rad1 Nd4 31. Be4 f5 32. Bb1 f4 33. gxf4 h5
34. f3 Ne2 35. Rxd8 Rxd8 36. f5 Rd4 37. Kf2 Nc3 38. Bc2 Rd2+ 39. Ke3 Rxc2 40.
Kd3 Rf2 41. Kxc3 Rxf3+ 42. Kd4 Rxf5 43. Rh4 Kd7 44. Re4 Rg5 45. Kc3 Rg4 46. Re5
h4 47. Rh5 Kc7 48. Rh7+ Kb8 49. Kb3 Rf4 50. Kc3 Ka7 51. Kb3 Ka6 52. Kc3 b6 53.
cxb6 Kxb6 54. Kb3 Rg4 55. Rh8 Rg3+ 56. Kc4 Rg4+ 57. Kb3 Kc7 58. Rh7+ Kd6 59.
Rh6+ Kd5 60. Rh5+ Ke4 61. Rc5 h3 62. Rc4+ Kf3 63. Rc3+ Kg2 64. Rc2+ Kg3 65.
Rc3+ Kh4 66. Rxc6 h2 67. b5 Kh3 0-1

[Event "Copenhagen Chess Challenge 2008"]
[Site "Ballerup"]
[Date "2008.??.??"]
[Round "9"]
[White "Mikkelsen, Nikolaj"]
[Black "Glud, Jakob Vang"]
[Result "1/2-1/2"]
[WhiteElo "2392"]
[BlackElo "2456"]
[PlyCount "106"]
[EventDate "2008.??.??"]
[EventType "swiss"]
[EventRounds "9"]
[EventCountry "DEN"]

1. e4 e5 2. Nf3 Nc6 3. Bb5 a6 4. Ba4 Nf6 5. d3 b5 6. Bb3 Bc5 7. O-O d6 8. c3 h6
9. Re1 O-O 10. h3 Bb6 11. Nbd2 Ne7 12. Nf1 Ng6 13. Ng3 Re8 14. Nh2 Nh4 15. a4
Rb8 16. axb5 axb5 17. Be3 Be6 18. Ng4 Nxg4 19. hxg4 Bxe3 20. Rxe3 b4 21. Ba4
Rf8 22. Nf5 bxc3 23. bxc3 Ng6 24. Bc2 Qg5 25. Ra7 Rfc8 26. d4 Ra8 27. Rxa8 Rxa8
28. g3 Bc4 29. Re1 Ra3 30. dxe5 dxe5 31. Ne3 Be6 32. c4 Ra8 33. Qe2 Rd8 34. Ba4
Rd4 35. Bc6 h5 36. Bd5 Bxd5 37. cxd5 Rxe4 38. Qc2 Rd4 39. Qxc7 h4 40. Qc8+ Kh7
41. Qf5 Qxf5 42. Nxf5 Rxd5 43. Nxh4 Nxh4 44. gxh4 Kg6 45. Kg2 f5 46. gxf5+ Kxf5
47. Re3 Rd4 48. Rg3 g6 49. Rg5+ Kf6 50. Kg3 Rd3+ 51. Kg2 Rd4 52. Kg3 Rd3+ 53.
Kg2 Rd4 1/2-1/2

[Event "Copenhagen Chess Challenge 2008"]
[Site "Ballerup"]
[Date "2008.??.??"]
[Round "9"]
[White "Nilsson, Sebastian"]
[Black "Akdag, Dara Sevkan"]
[Result "1/2-1/2"]
[WhiteElo "2215"]
[BlackElo "2095"]
[PlyCount "29"]
[EventDate "2008.??.??"]
[EventType "swiss"]
[EventRounds "9"]
[EventCountry "DEN"]

1. e4 c5 2. Nf3 d6 3. d4 cxd4 4. Nxd4 Nf6 5. Nc3 a6 6. Bc4 e6 7. O-O Be7 8. Bb3
O-O 9. f4 Nc6 10. Be3 Qc7 11. Qf3 Bd7 12. Rae1 b5 13. f5 Ne5 14. Qh3 Nc4 15.
Bxc4 1/2-1/2

[Event "Copenhagen Chess Challenge 2008"]
[Site "Ballerup"]
[Date "2008.??.??"]
[Round "9"]
[White "Pallesen, Jacob"]
[Black "Johansson, Alexander"]
[Result "0-1"]
[WhiteElo "2038"]
[BlackElo "2046"]
[PlyCount "46"]
[EventDate "2008.??.??"]
[EventType "swiss"]
[EventRounds "9"]
[EventCountry "DEN"]

1. d4 d5 2. Nf3 e6 3. Bf4 Bd6 4. Bxd6 Qxd6 5. Nbd2 f5 6. e3 Nd7 7. c4 Ngf6 8.
Be2 O-O 9. Rc1 c6 10. Nb3 Ne4 11. Nfd2 f4 12. Bf3 Ng5 13. O-O e5 14. cxd5 cxd5
15. e4 Nxf3+ 16. Qxf3 exd4 17. exd5 Ne5 18. Qe2 f3 19. gxf3 Bh3 20. Qe4 Rae8
21. Qb1 d3 22. Ne4 Nxf3+ 23. Kh1 Qxh2# 0-1